header

Calculus (Record no. 253714)

MARC details
000 -LEADER
fixed length control field 00549nam a22001937a 4500
003 - CONTROL NUMBER IDENTIFIER
control field OSt
005 - DATE AND TIME OF LATEST TRANSACTION
control field 20221110120614.0
008 - FIXED-LENGTH DATA ELEMENTS--GENERAL INFORMATION
fixed length control field 160513b xxu||||| |||| 00| 0 eng d
010 ## - LIBRARY OF CONGRESS CONTROL NUMBER
LC control number 95012150
020 ## - INTERNATIONAL STANDARD BOOK NUMBER
International Standard Book Number 0-201-59338-6
040 ## - CATALOGING SOURCE
Transcribing agency DLC
Original cataloging agency DLC
Language of cataloging Eng
Description conventions rda
050 ## - LIBRARY OF CONGRESS CALL NUMBER
Classification number QA303
Item number .B645 1996
100 ## - MAIN ENTRY--PERSONAL NAME
Personal name Bittinger Marvin L.
245 ## - TITLE STATEMENT
Title Calculus
Statement of responsibility, etc Marvin L. Bittinger.
250 ## - EDITION STATEMENT
Edition statement 6th Edn.
260 ## - PUBLICATION, DISTRIBUTION, ETC. (IMPRINT)
Place of publication, distribution, etc Reading, Mass. :
Name of publisher, distributor, etc Addison-Wesley Pub. Co.,
Date of publication, distribution, etc c1996.
300 ## - PHYSICAL DESCRIPTION
Extent xxvi, 582, 34, 7 p. :
Other physical details ill. (some col.) ;
Dimensions 24 cm.
942 ## - ADDED ENTRY ELEMENTS (KOHA)
Source of classification or shelving scheme Library of Congress Classification
Koha item type Long Loan Books
Holdings
Withdrawn status Lost status Source of classification or shelving scheme Damaged status Not for loan Home library Current library Date acquired Total Checkouts Full call number Barcode Date last seen Date checked out Price effective from Koha item type
Withdrawn   Library of Congress Classification Damaged   Rongo University Library Rongo University Library 13/05/2016 16 QA303.B645 1995 201611948 21/11/2019 07/11/2019 13/05/2016 Long Loan Books

© 2026 Rongo University
Contact us: librarian | system librarian | Rongo university